| 000 | 00487nam a2200181Ia 4500 | ||
|---|---|---|---|
| 005 | 20250326124216.0 | ||
| 008 | 250326s9999 xx 000 0 und d | ||
| 037 | _aTextbook | ||
| 040 |
_aFMSL _beng _cFMSL |
||
| 041 |
_aeng _2eng |
||
| 084 |
_aX:51:f K7;1 _qFMSL |
||
| 100 |
_aWills G _9736839 |
||
| 245 | 0 |
_aMarketing through research _cWills G |
|
| 260 |
_aLondon _bLondon, Pergamon _c1967 |
||
| 300 | _a151p | ||
| 942 |
_cTB _hX:51:f K7;1 |
||
| 999 |
_c1272748 _d1272748 |
||